000 00897nam a2200241 i 4500
001 95363
003 ES-MaACL
005 20250824231149.0
007 t|
008 050527s1984 sp ||||1| spa d
020 _a84-313-0781-1
100 1 _aLlano, Alejandro.
_972694
245 1 0 _aGnoseología /
_cAlejandro Llano.
250 _a1ª ed., 1ª reimp.
260 _aPamplona :
_bUniversidad de Navarra,
_c1984.
300 _a151 p. ;
_c22 cm.
490 1 _aPublicaciones de la Facultad de Filosofía y Letras de la Universidad de Navarra. Libros de iniciación filosófica ;
_v4
504 _aBibliografía. Indice.
710 2 _aUniversidad de Navarra.
_bFacultad de Filosofía y Letras.
_97254
830 0 0 _aPublicaciones de la Facultad de Filosofía y Letras de la Universidad de Navarra
_v4
_9242043
852 _aES-MaACL
_jG-3493
_bR.114647
999 _c95363
_d95363